[Event " Standard Chess Senior Masters Cup #2"]
[Site "SchemingMind.com"]
[Date "2007.05.30"]
[Round "-"]
[White "C. H. O'D. Schlechter"]
[Black "Chess Tiger"]
[Result "1-0"]
[WhiteCountry "USA"]
[BlackCountry "GER"]
[WhiteElo "2384"]
[WhiteRD "65"]
[BlackElo "2083"]
[BlackRD "68"]
[GameID "106780"]

1. e4 e5 2. Nf3 Nc6 3. Bc4 Nf6 4. d3 Bc5 5. c3 a6 6. Bb3 Ba7 7. Nbd2 O-O 8. h3 d6 9. O-O h6 10. Re1 Nh5
11. Nf1 Qf6 12. Be3 Nf4 13. d4 Re8 14. Ng3 g6 15. a4 h5 16. Bc2 Kh8 17. a5 Rg8 18. Qd2 g5 19. Nf5 Bxf5 20. exf5 g4
21. hxg4 hxg4 22. Nh2 g3 23. fxg3
1-0

[Event " Standard Chess Senior Masters Cup #2"]
[Site "SchemingMind.com"]
[Date "2007.05.30"]
[Round "-"]
[White "Chess Tiger"]
[Black "C. H. O'D. Schlechter"]
[Result "1-0"]
[WhiteCountry "GER"]
[BlackCountry "USA"]
[WhiteElo "2297"]
[WhiteRD "79"]
[BlackElo "2392"]
[BlackRD "68"]
[GameID "106781"]

1. Nf3 d5 2. c4 e6 3. d4 Nf6 4. Nc3 c6 5. e3 Nbd7 6. Qc2 Bd6 7. g4 dxc4 8. Bxc4 e5 9. Bd2 exd4 10. Nxd4 Ne5
11. Be2 Bxg4 12. f4 Ng6 13. Bxg4 Nxg4 14. Nf5 O-O 15. Rg1 Nf6 16. O-O-O Bb4 17. Ne4 Bxd2+ 18. Rxd2 Nd5 19. h4 Qa5 20. a3 Ndxf4
21. Ned6 Ne6 22. h5 Ne5 23. Nxb7 Qb6 24. Qc3 f6 25. Nxg7 Ng5 26. Ne6 Qxb7 27. Nxg5 Kh8 28. Ne4 Qe7 29. Rf1 Rab8 30. h6 Ng4
31. Rf4
1-0

[Event " Standard Chess Senior Masters Cup #2"]
[Site "SchemingMind.com"]
[Date "2007.05.27"]
[Round "-"]
[White "dmichael"]
[Black "C. H. O'D. Schlechter"]
[Result "1-0"]
[WhiteCountry "USA"]
[BlackCountry "USA"]
[WhiteElo "2413"]
[WhiteRD "81"]
[BlackElo "2384"]
[BlackRD "65"]
[GameID "106852"]

1. d4 d5 2. c4 dxc4 3. e3 e5 4. Bxc4 exd4 5. exd4 Bd6 6. Nf3 Nf6 7. O-O O-O 8. Nc3 Nc6 9. h3 h6 10. Be3 a6
11. a3 Bf5 12. Nh4 Bh7 13. Qf3 Qd7 14. Rad1 Rad8 15. Bd3 Bxd3 16. Rxd3 Kh7 17. Nf5 Rh8 18. b4 Rhe8 19. Rfd1 Ng8 20. Nxd6 cxd6
21. Nd5 f5 22. Rc3 Re4 23. Rcc1 Nge7 24. Nc3 Rh4 25. Qg3 Ng6 26. f4 d5 27. Qf3 Qf7 28. Na4 Re8 29. Kh2 Rh5 30. Qxh5 Rxe3
31. Rc3 Re4 32. Nc5 Rxf4 33. Rf3 Rxd4 34. Re1 Rd2 35. Ne6 Qf6 36. Rg3 Nce7 37. Nxg7 Qxg7 38. Rxe7
1-0

[Event " Standard Chess Senior Masters Cup #2"]
[Site "SchemingMind.com"]
[Date "2007.05.27"]
[Round "-"]
[White "dmichael"]
[Black "Chess Tiger"]
[Result "1-0"]
[WhiteCountry "USA"]
[BlackCountry "GER"]
[WhiteElo "2428"]
[WhiteRD "75"]
[BlackElo "2075"]
[BlackRD "74"]
[GameID "106853"]

1. d4 Nf6 2. c4 e6 3. Nf3 Bb4+ 4. Bd2 Qe7 5. g3 Nc6 6. Nc3 Bxc3 7. Bxc3 Ne4 8. Rc1 d6 9. d5 Nxc3 10. Rxc3 Nb8
11. dxe6 fxe6 12. Bg2 O-O 13. Nd4 c6 14. O-O e5 15. Nc2 Na6 16. Qd2 Be6 17. b4 Nc7 18. Ne3 Rad8 19. Rd3 Rd7 20. a3 Qd8
21. f4 g6 22. fxe5 Rxf1+ 23. Nxf1 dxe5 24. Rxd7 Qxd7 25. Qxd7 Bxd7 26. Nd2 Kf7 27. Kf2 Ke7 28. Ne4 Be6 29. Nc5 Bxc4 30. Nxb7 Bd5
31. Na5
1-0

[Event " Standard Chess Senior Masters Cup #2"]
[Site "SchemingMind.com"]
[Date "2007.05.31"]
[Round "-"]
[White "C. H. O'D. Schlechter"]
[Black "dmichael"]
[Result "1/2-1/2"]
[WhiteCountry "USA"]
[BlackCountry "USA"]
[WhiteElo "2395"]
[WhiteRD "69"]
[BlackElo "2418"]
[BlackRD "85"]
[GameID "106854"]

1. e4 c5 2. Nc3 Nc6 3. f4 e6 4. Nf3 a6 5. g3 d5 6. e5 Nge7 7. Bh3 Nf5 8. O-O Nfd4 9. Nxd4 cxd4 10. Ne2 Bc5
11. d3 O-O 12. Bd2 a5 13. Qe1 Qb6 14. Rb1 f6 15. exf6 Rxf6 16. a3 Bd7 17. Kh1 Bd6 18. Ng1 Qc5 19. Rc1 Qb5 20. Rb1 Qa4
21. Qd1 Ne7 22. Re1 Rc8 23. c3 Qxd1 24. Rbxd1 b6 25. cxd4 Rc2 26. Bc1 Nf5 27. Nf3 Rh6 28. Bxf5=
1/2-1/2

[Event " Standard Chess Senior Masters Cup #2"]
[Site "SchemingMind.com"]
[Date "2007.05.31"]
[Round "-"]
[White "Chess Tiger"]
[Black "dmichael"]
[Result "0-1"]
[WhiteCountry "GER"]
[BlackCountry "USA"]
[WhiteElo "2083"]
[WhiteRD "68"]
[BlackElo "2413"]
[BlackRD "81"]
[GameID "106855"]

1. Nf3 c5 2. e4 d6 3. d4 cxd4 4. Nxd4 Nf6 5. Nc3 a6 6. Bc4 e6 7. Bb3 Nbd7 8. f4 Nc5 9. Qf3 b5 10. f5 Bd7
11. fxe6 fxe6 12. Be3 b4 13. Nce2 Nxb3 14. axb3 Be7 15. O-O O-O 16. c4 bxc3 17. bxc3 a5 18. c4 a4 19. bxa4 Qc8 20. Rfc1 Rxa4
21. Rxa4 Bxa4 22. Nf4 Bd7 23. c5 dxc5 24. e5 Ne8 25. Nb3 c4
0-1

[Event " Standard Chess Senior Masters Cup #2"]
[Site "SchemingMind.com"]
[Date "2007.05.26"]
[Round "-"]
[White "demiurg"]
[Black "dmichael"]
[Result "1/2-1/2"]
[WhiteCountry "HUN"]
[BlackCountry "USA"]
[WhiteElo "2329"]
[WhiteRD "67"]
[BlackElo "2428"]
[BlackRD "75"]
[GameID "106923"]

1. e4 c5 2. Nf3 d6 3. d4 cxd4 4. Nxd4 Nf6 5. Nc3 a6 6. Be3 Ng4 7. Bg5 h6 8. Bh4 g5 9. Bg3 Bg7 10. h3 Ne5
11. Qd2 Nbc6 12. O-O-O Nxd4 13. Qxd4 O-O 14. Qe3 Qa5 15. Kb1 f5 16. f4 Ng6 17. Nd5 gxf4 18. Bxf4 Nxf4 19. Qxf4 Kh7 20. Nxe7 Qb4
21. Qc1 fxe4 22. c3 Qc5 23. Rd5 Qc7 24. Nxc8 Raxc8 25. Qe3 Rce8 26. Be2 Qf7 27. Rxd6 Qf2 28. Qxf2 Rxf2 29. Re1 Rxg2 30. Rb6 Re7
31. Bg4 e3 32. Bf5+ Kh8 33. Bc8 a5 34. Bxb7 Rh2 35. Bc8 Re5 36. a4 Bf8 37. Ka2 Kg7 38. Kb3 Be7 39. Rb5 Rxb5+ 40. axb5 Bc5
41. Rf1 Rf2 42. Re1 Kf6 43. Bg4 Ke5 44. Rd1 Rf4 45. Be2 Rf2 46. Re1 Ke4 47. Ka4=
1/2-1/2

[Event " Standard Chess Senior Masters Cup #2"]
[Site "SchemingMind.com"]
[Date "2007.05.31"]
[Round "-"]
[White "demiurg"]
[Black "C. H. O'D. Schlechter"]
[Result "0-1"]
[WhiteCountry "HUN"]
[BlackCountry "USA"]
[WhiteElo "2323"]
[WhiteRD "68"]
[BlackElo "2384"]
[BlackRD "65"]
[GameID "106924"]

1. f4 d5 2. Nf3 g6 3. g3 Bg7 4. Bg2 Nf6 5. O-O c5 6. d3 O-O 7. c3 Nc6 8. Qc2 d4 9. Na3 Nd5 10. Bd2 Bg4
11. Rae1 Rc8 12. h3 Bxf3 13. Bxf3 e6 14. Kh2 h5 15. c4 Ne3 16. Bxe3 dxe3 17. Qc1 Nb4 18. Nb5 Nxa2 19. Qxe3 a6 20. Nc3 Nxc3
21. bxc3 Bxc3 22. Rb1 Bd4 23. Qd2 Rb8 24. e3 Bf6 25. Rxb7 Rxb7 26. Bxb7 Qb6 27. Be4 a5 28. Qc2 Rb8 29. Rf2 Qa7 30. Qa4 Rb4
31. Qa2 a4
0-1

[Event " Standard Chess Senior Masters Cup #2"]
[Site "SchemingMind.com"]
[Date "2007.05.31"]
[Round "-"]
[White "demiurg"]
[Black "Chess Tiger"]
[Result "1-0"]
[WhiteCountry "HUN"]
[BlackCountry "GER"]
[WhiteElo "2323"]
[WhiteRD "68"]
[BlackElo "2083"]
[BlackRD "68"]
[GameID "106925"]

1. e4 c5 2. Nf3 e6 3. d4 cxd4 4. Nxd4 a6 5. Nc3 Qc7 6. Bd3 Nc6 7. Be3 Nf6 8. O-O Ne5 9. h3 Bc5 10. Qe2 d6
11. f4 Ng6 12. Rad1 e5 13. fxe5 dxe5 14. Nb3 Nf4 15. Bb5+ Nd7 16. Rxf4 Bxe3+ 17. Qxe3 exf4 18. Nd5 Qxc2 19. Qd4
1-0

[Event " Standard Chess Senior Masters Cup #2"]
[Site "SchemingMind.com"]
[Date "2007.05.26"]
[Round "-"]
[White "dmichael"]
[Black "demiurg"]
[Result "1/2-1/2"]
[WhiteCountry "USA"]
[BlackCountry "HUN"]
[WhiteElo "2428"]
[WhiteRD "75"]
[BlackElo "2329"]
[BlackRD "67"]
[GameID "106926"]

1. d4 Nf6 2. c4 c5 3. d5 e6 4. Nc3 exd5 5. cxd5 d6 6. e4 g6 7. f4 Bg7 8. Bb5+ Nbd7 9. e5 dxe5 10. fxe5 Nh5
11. e6 Qh4+ 12. Kd2 fxe6 13. dxe6 O-O 14. exd7 Rf2+ 15. Nge2 Bxd7 16. Bxd7 Rd8 17. Qb3+ c4 18. Qb5 Kh8 19. Rd1 Nf4 20. g3 Bxc3+
21. Kxc3 Nxe2+ 22. Kb4 Qf6 23. Qxc4 a5+ 24. Ka4 b5+ 25. Bxb5 Rxd1 26. Bg5 Qxb2 27. Rxd1 Nc3+ 28. Kxa5 Nxd1 29. Qc8+ Kg7 30. Qd7+ Rf7
31. Bh6+ Kxh6 32. Qxf7 Qa3+ 33. Kb6 Qd6+ 34. Kb7 Nc3 35. Bc4 Ne4 36. Qd5 Qe7+ 37. Kc6 Qe8+ 38. Kb6 Qb8+ 39. Ka6 Qc8+ 40. Ka5 Qc7+
41. Kb4 Qb6+ 42. Bb5 Qe3 43. Qd3 Qc5+ 44. Kb3 Qb6 45. Qxe4 Qxb5+ 46. Qb4 Qd3+ 47. Qc3 Qd1+ 48. Qc2 Qd5+ 49. Qc4=
1/2-1/2

[Event " Standard Chess Senior Masters Cup #2"]
[Site "SchemingMind.com"]
[Date "2007.05.31"]
[Round "-"]
[White "C. H. O'D. Schlechter"]
[Black "demiurg"]
[Result "1-0"]
[WhiteCountry "USA"]
[BlackCountry "HUN"]
[WhiteElo "2394"]
[WhiteRD "69"]
[BlackElo "2342"]
[BlackRD "68"]
[GameID "106927"]

1. e4 c5 2. Nc3 Nc6 3. f4 g6 4. Nf3 Bg7 5. Bb5 Nd4 6. O-O Nxb5 7. Nxb5 d5 8. exd5 a6 9. Nc3 Nf6 10. d4 c4
11. Qe2 b5 12. Re1 Bb7 13. f5 Bxd5 14. Bg5 gxf5 15. Qxe7+ Qxe7 16. Rxe7+ Kxe7 17. Nxd5+
1-0

[Event " Standard Chess Senior Masters Cup #2"]
[Site "SchemingMind.com"]
[Date "2007.05.31"]
[Round "-"]
[White "Chess Tiger"]
[Black "demiurg"]
[Result "0-1"]
[WhiteCountry "GER"]
[BlackCountry "HUN"]
[WhiteElo "2083"]
[WhiteRD "68"]
[BlackElo "2323"]
[BlackRD "68"]
[GameID "106928"]

1. Nf3 f5 2. g3 Nf6 3. Bg2 g6 4. d4 Bg7 5. O-O O-O 6. c4 d6 7. Nc3 Nc6 8. d5 Ne5 9. Qb3 Nfd7 10. Nxe5 Bxe5
11. Bh6 Rf7 12. Qc2 a5 13. Nb5 Nc5 14. e3 Bd7 15. Nd4 Ra6 16. h4 Rb6 17. b3 Qc8 18. Rfd1 Bf6
0-1

[Event " Standard Chess Senior Masters Cup #2"]
[Site "SchemingMind.com"]
[Date "2007.06.04"]
[Round "-"]
[White "MichaelDV"]
[Black "dmichael"]
[Result "1/2-1/2"]
[WhiteCountry "SWE"]
[BlackCountry "USA"]
[WhiteElo "2351"]
[WhiteRD "70"]
[BlackElo "2414"]
[BlackRD "75"]
[GameID "107372"]

1. d4 d5 2. c4 e6 3. Nf3 Nf6 4. g3 dxc4 5. Bg2 Nc6 6. Qa4 Bb4+ 7. Bd2 Nd5 8. Bxb4 Nxb4 9. O-O Rb8 10. Nc3 a6
11. Ne5 O-O 12. Bxc6 Nxc6 13. Nxc6 bxc6 14. Qxc4 Qd6 15. e3 Rxb2 16. Rab1 Rxb1 17. Rxb1 e5 18. dxe5 Qxe5 19. Qxc6 Bh3 20. Ne2 Qe6
21. Qxe6 Bxe6 22. Nc3= Rd8 23. Rb7 Bh3 24. Rxc7 Rd2 25. a4 Rc2 26. Nd5 Ra2 27. Rc1 Rxa4 28. Nf4 Bf5 29. f3 h6 30. e4 Bd7
31. Rd1 Bb5 32. Rd8+ Kh7 33. Rf8 g5 34. Nh5 Ra1+=
1/2-1/2

[Event " Standard Chess Senior Masters Cup #2"]
[Site "SchemingMind.com"]
[Date "2007.06.04"]
[Round "-"]
[White "MichaelDV"]
[Black "C. H. O'D. Schlechter"]
[Result "1/2-1/2"]
[WhiteCountry "SWE"]
[BlackCountry "USA"]
[WhiteElo "2361"]
[WhiteRD "72"]
[BlackElo "2392"]
[BlackRD "68"]
[GameID "107373"]

1. Nf3 d5 2. d4 Nf6 3. c4 e6 4. Nc3 c6 5. e3 Nbd7 6. Qc2 Bd6 7. b3 O-O 8. Be2 b6 9. O-O Bb7 10. Bb2 Qe7
11. Rad1 Rfe8 12. Rfe1 Rad8 13. e4 Nxe4 14. Nxe4 dxe4 15. Qxe4 Bb4 16. Rf1 Nf6 17. Qh4 Ba3 18. Ba1 c5 19. dxc5 Bxc5 20. Bd3 Ne4
21. Qxe7 Bxe7 22. Nd4 Bb4=
1/2-1/2

[Event " Standard Chess Senior Masters Cup #2"]
[Site "SchemingMind.com"]
[Date "2007.06.04"]
[Round "-"]
[White "MichaelDV"]
[Black "Chess Tiger"]
[Result "1/2-1/2"]
[WhiteCountry "SWE"]
[BlackCountry "GER"]
[WhiteElo "2325"]
[WhiteRD "71"]
[BlackElo "2304"]
[BlackRD "66"]
[GameID "107374"]

1. d4 Nf6 2. Nf3 e6 3. c4 Bb4+ 4. Bd2 Qe7 5. g3 Nc6 6. Bg2 Bxd2+ 7. Nbxd2 d6 8. O-O a5 9. e4 e5 10. d5 Nb8
11. Ne1 O-O 12. Nd3 Na6 13. f4 Nd7 14. f5 Qg5 15. Qe2=
1/2-1/2

[Event " Standard Chess Senior Masters Cup #2"]
[Site "SchemingMind.com"]
[Date "2007.06.04"]
[Round "-"]
[White "MichaelDV"]
[Black "demiurg"]
[Result "1/2-1/2"]
[WhiteCountry "SWE"]
[BlackCountry "HUN"]
[WhiteElo "2381"]
[WhiteRD "70"]
[BlackElo "2342"]
[BlackRD "68"]
[GameID "107376"]

1. Nf3 d5 2. d4 Nf6 3. c4 c6 4. Qc2 dxc4 5. Qxc4 Bg4 6. Nbd2 Nbd7 7. g3 e6 8. Bg2 Bd6 9. Qb3 Nb6 10. O-O Bc7
11. Rd1 O-O 12. Nc4 Nxc4 13. Qxc4 a5 14. Bg5 Qd5 15. Qxd5=
1/2-1/2

[Event " Standard Chess Senior Masters Cup #2"]
[Site "SchemingMind.com"]
[Date "2007.06.03"]
[Round "-"]
[White "dmichael"]
[Black "MichaelDV"]
[Result "1-0"]
[WhiteCountry "USA"]
[BlackCountry "SWE"]
[WhiteElo "2440"]
[WhiteRD "80"]
[BlackElo "2316"]
[BlackRD "63"]
[GameID "107377"]

1. d4 Nf6 2. c4 e6 3. Nf3 b6 4. Nc3 Bb7 5. a3 Ne4 6. Nxe4 Bxe4 7. Bf4 d6 8. e3 Nd7 9. Bd3 Bxd3 10. Qxd3 g6
11. e4 Bg7 12. Bg5 f6 13. Be3 Qe7 14. O-O O-O 15. Rfe1 e5 16. dxe5 Nxe5 17. Nxe5 Qxe5 18. f4 Qe6 19. f5 Qe7 20. b4 Rae8
21. Bd2 Qf7 22. Rf1 Re7 23. Rae1 Rfe8 24. Rf2 gxf5 25. Rxf5 Re5 26. Rf4 Qe6 27. Bc3 Rg5 28. Re3 d5 29. cxd5 Rxd5 30. Qe2 Rg5
31. Ref3 Rg6 32. h4 Bh6 33. h5 Bxf4 34. hxg6 Be5 35. gxh7+ Kh8 36. Bxe5 Qxe5 37. Qc4 Qxe4 38. Qxe4 Rxe4 39. Rxf6 Re7= 40. Rh6 Re3
41. Rh3 Re5 42. Rc3 Re7 43. b5 Kxh7 44. Rc6 Kg8 45. Kf2 Rf7+ 46. Ke3 Rg7 47. Kf3 Rf7+ 48. Ke4 Rg7 49. Kf5 Kf8 50. g4 Re7
51. g5 Re3 52. Rxc7 Rxa3 53. Kg6 Rb3 54. Rxa7 Rxb5 55. Rf7+ Ke8 56. Rb7 Kf8 57. Kf6 Ke8 58. g6 Rb1 59. Rb8+ Kd7 60. g7 Rf1+
61. Ke5 Re1+ 62. Kd4
1-0

[Event " Standard Chess Senior Masters Cup #2"]
[Site "SchemingMind.com"]
[Date "2007.06.04"]
[Round "-"]
[White "C. H. O'D. Schlechter"]
[Black "MichaelDV"]
[Result "1/2-1/2"]
[WhiteCountry "USA"]
[BlackCountry "SWE"]
[WhiteElo "2394"]
[WhiteRD "69"]
[BlackElo "2381"]
[BlackRD "70"]
[GameID "107378"]

1. e4 c5 2. Nc3 Nc6 3. f4 g6 4. Nf3 Bg7 5. Bb5 Nd4 6. O-O a6 7. Bc4 b5 8. Bd5 Rb8 9. d3 e6 10. Bb3 Ne7
11. Nxd4 Bxd4+ 12. Kh1 d5 13. f5 c4 14. fxe6 Bxe6 15. exd5 Nxd5 16. dxc4 Nxc3 17. bxc3 Bxc3 18. Bf4 Rc8 19. cxb5 Bxb3 20. cxb3 Qxd1
21. Raxd1 axb5=
1/2-1/2

[Event " Standard Chess Senior Masters Cup #2"]
[Site "SchemingMind.com"]
[Date "2007.06.04"]
[Round "-"]
[White "Chess Tiger"]
[Black "MichaelDV"]
[Result "0-1"]
[WhiteCountry "GER"]
[BlackCountry "SWE"]
[WhiteElo "2075"]
[WhiteRD "74"]
[BlackElo "2347"]
[BlackRD "64"]
[GameID "107379"]

1. Nf3 Nf6 2. c4 e6 3. d4 b6 4. g3 Bb7 5. Bg2 Bb4+ 6. Bd2 Be7 7. Nc3 O-O 8. O-O Na6 9. Bf4 d6 10. a3 c5
11. d5 exd5 12. cxd5 b5 13. Nxb5 Bxd5 14. Nc3 Bc6 15. Qd3 Nc7 16. Rad1 Ncd5 17. Nxd5 Nxd5 18. Bd2 Nf6 19. Nh4 Bxg2 20. Kxg2 g6
21. e4 Qd7 22. Rfe1 Qc6 23. Bc3 Rad8 24. Nf3 Rfe8 25. Nd2 d5 26. exd5 Nxd5
0-1

[Event " Standard Chess Senior Masters Cup #2"]
[Site "SchemingMind.com"]
[Date "2007.06.03"]
[Round "-"]
[White "demiurg"]
[Black "MichaelDV"]
[Result "1/2-1/2"]
[WhiteCountry "HUN"]
[BlackCountry "SWE"]
[WhiteElo "2297"]
[WhiteRD "65"]
[BlackElo "2392"]
[BlackRD "71"]
[GameID "107381"]

1. e4 c6 2. d4 d5 3. e5 c5 4. dxc5 Nc6 5. Bb5 e6 6. Be3 Ne7 7. Nf3 Nf5 8. Bd4 Nxd4 9. Qxd4 Qa5+ 10. Nc3 Qxb5
11. Nxb5 Nxd4 12. Nbxd4 Bxc5 13. c3 Bd7 14. Kd2 Rc8=
1/2-1/2

[Event " Standard Chess Senior Masters Cup #2"]
[Site "SchemingMind.com"]
[Date "2007.06.05"]
[Round "-"]
[White "kryspin11"]
[Black "dmichael"]
[Result "0-1"]
[WhiteCountry "POL"]
[BlackCountry "USA"]
[WhiteElo "2235"]
[WhiteRD "83"]
[BlackElo "2428"]
[BlackRD "75"]
[GameID "107722"]

1. c4 Nf6 2. d4 e6 3. Nf3 d5 4. g3 dxc4 5. e3 c5 6. Bxc4 Nc6 7. O-O cxd4 8. exd4 Be7 9. Nc3 O-O 10. Be3 b6
11. d5 Na5 12. Be2 Nxd5 13. Nxd5 exd5 14. b3 Nc6 15. Rc1 Bb7 16. Nd4 Nxd4 17. Bxd4 Ba3 18. Rc2 Qd6 19. Bd3 Bc5 20. Qg4 g6
21. Bxc5 bxc5 22. Rfc1 Rac8 23. Qa4 Rc7 24. Re2 Rfc8 25. Qa3 d4 26. Rce1 Kg7 27. Qa4 Qc6 28. Qxc6 Rxc6 29. Re7 R6c7 30. g4 Bf3
31. g5 a5 32. Kf1 a4 33. Bc4 axb3 34. axb3 Kf8 35. Rxc7 Rxc7 36. Ra1 Kg7 37. Ra6 h6 38. gxh6+ Kxh6 39. Rf6 Be4 40. Rxf7 Rxf7
41. Bxf7 Kg5 42. Ke2 Bf5 43. Kf3 Kh4 44. Kg2 Bh3+ 45. Kf3 Bg4+ 46. Kg2 d3 47. Bxg6 d2 48. Bc2 d1=Q 49. Bxd1 Bxd1
0-1

[Event " Standard Chess Senior Masters Cup #2"]
[Site "SchemingMind.com"]
[Date "2007.06.07"]
[Round "-"]
[White "kryspin11"]
[Black "C. H. O'D. Schlechter"]
[Result "0-1"]
[WhiteCountry "POL"]
[BlackCountry "USA"]
[WhiteElo "2271"]
[WhiteRD "82"]
[BlackElo "2405"]
[BlackRD "71"]
[GameID "107723"]

1. Nf3 d5 2. d4 Nf6 3. c4 e6 4. Nc3 c6 5. e3 Nbd7 6. Bd3 dxc4 7. Bxc4 b5 8. Bd3 Bb7 9. O-O a6 10. a4 b4
11. Nb1 c5 12. Nbd2 Be7 13. a5 Qc7 14. Qc2 Rc8 15. b3 Qb8 16. Nc4 Bxf3 17. gxf3 cxd4 18. exd4 O-O 19. Kh1 Rfd8 20. Rg1 Nf8
21. Be3 Ng6 22. Qd1 Rd5 23. Qf1 Rh5 24. Qg2 Nd5 25. Qg3 Qxg3 26. Rxg3 Rd8 27. Rgg1 Nh4 28. Nd2 Nf5 29. Nf1 Rd6 30. f4 Rc6
31. Bc4 Rh6 32. Rc1 Bd6 33. Bxd5 Rxc1 34. Bxc1 exd5 35. Be3 Be7 36. Ng3 Nxg3+ 37. fxg3 Rc6 38. Rc1 Rxc1+ 39. Bxc1 Bd8 40. Kg2 Bxa5
41. Bd2 Kf8 42. Kf3 f5 43. g4 fxg4+ 44. Kxg4 Ke7 45. Kf5 Kd6 46. Kg4 Ke6 47. f5+ Kf7 48. h4 Bb6 49. Bxb4 Bxd4 50. Kf4 Kf6
51. h5 Be5+ 52. Kg4 Bb2 53. Bd2 Ke5 54. h6 gxh6 55. Bxh6 Ke4 56. Bd2 Bf6 57. Bh6 d4 58. Bd2 d3 59. b4 h5+ 60. Kg3 Kxf5
0-1

[Event " Standard Chess Senior Masters Cup #2"]
[Site "SchemingMind.com"]
[Date "2007.06.04"]
[Round "-"]
[White "kryspin11"]
[Black "Chess Tiger"]
[Result "1-0"]
[WhiteCountry "POL"]
[BlackCountry "GER"]
[WhiteElo "2180"]
[WhiteRD "90"]
[BlackElo "2083"]
[BlackRD "68"]
[GameID "107724"]

1. c4 e5 2. Nc3 Nf6 3. Nf3 Nc6 4. g3 Bb4 5. Bg2 O-O 6. O-O e4 7. Ng5 Bxc3 8. bxc3 Re8 9. Qc2 Qe7 10. d3 exd3
11. exd3 d6 12. Bf4 Qe2 13. Qxe2 Rxe2 14. Bf3 Rc2 15. Rfc1 Rxc1+ 16. Rxc1 Bg4 17. Bg2 Bf5 18. Rb1 Re8 19. h3 Nd8 20. Bf1 Nd7
21. Nf3 Nc5 22. Re1 Kf8 23. Rd1 Nde6 24. Be3 h6 25. Nd4
1-0

[Event " Standard Chess Senior Masters Cup #2"]
[Site "SchemingMind.com"]
[Date "2007.06.03"]
[Round "-"]
[White "kryspin11"]
[Black "MichaelDV"]
[Result "1/2-1/2"]
[WhiteCountry "POL"]
[BlackCountry "SWE"]
[WhiteElo "2235"]
[WhiteRD "83"]
[BlackElo "2347"]
[BlackRD "64"]
[GameID "107726"]

1. Nf3 Nf6 2. d4 e6 3. c4 b6 4. g3 Bb7 5. Bg2 Bb4+ 6. Bd2 Be7 7. Nc3 c6 8. O-O d5 9. Ne5 O-O 10. Qa4 Nfd7
11. Bf4 Nxe5 12. Bxe5 Nd7 13. Bf4 a6 14. Qb3 b5 15. cxd5 cxd5 16. Rac1 Rc8 17. e4 dxe4 18. Nxe4 Bd5 19. Qe3 Qb6 20. a3 Rfd8
21. b4 a5 22. bxa5 Qxa5 23. Rxc8 Rxc8 24. Bd6 Bd8 25. Re1 Qa8 26. Bb4 Nf6 27. Bc5 Nd7 28. Bb4 Nf6 29. Nxf6+ Bxf6 30. Bxd5 Qxd5
31. Bc5 h5 32. h4 g6 33. Rb1 Qd7 34. Rb4 Rc7 35. Qe2 e5 36. dxe5 Rxc5 37. exf6 Qc6 38. Qe4 Qxf6 39. Rxb5 Rxb5 40. Qe8+ Kg7
41. Qxb5 Qa1+=
1/2-1/2

[Event " Standard Chess Senior Masters Cup #2"]
[Site "SchemingMind.com"]
[Date "2007.06.03"]
[Round "-"]
[White "kryspin11"]
[Black "demiurg"]
[Result "1/2-1/2"]
[WhiteCountry "POL"]
[BlackCountry "HUN"]
[WhiteElo "2179"]
[WhiteRD "96"]
[BlackElo "2292"]
[BlackRD "69"]
[GameID "107727"]

1. c4 c6 2. e4 d5 3. exd5 Nf6 4. Nc3 cxd5 5. d4 e6 6. Nf3 Bb4 7. cxd5 Nxd5 8. Bd2 Nc6 9. Bd3 O-O 10. O-O Be7
11. a3 Bf6 12. Be3 g6 13. Rc1 Nxc3 14. bxc3 e5 15. Be4 exd4 16. cxd4 Qe7 17. Bxc6 bxc6 18. Re1 Qxa3 19. Rxc6 Be6 20. Ng5 Bxg5
21. Bxg5 Rfe8 22. Re3 Qb4 23. h3 a5 24. d5 Bd7 25. Rc7 Qd6 26. Rc4 a4 27. Bf4 Qf6 28. Ra3 Qb2 29. Bc1 Qb5=
1/2-1/2

[Event " Standard Chess Senior Masters Cup #2"]
[Site "SchemingMind.com"]
[Date "2007.06.03"]
[Round "-"]
[White "dmichael"]
[Black "kryspin11"]
[Result "1-0"]
[WhiteCountry "USA"]
[BlackCountry "POL"]
[WhiteElo "2428"]
[WhiteRD "75"]
[BlackElo "2235"]
[BlackRD "83"]
[GameID "107728"]

1. d4 Nf6 2. c4 e6 3. Nf3 b6 4. Bf4 Bb7 5. e3 Bb4+ 6. Nbd2 O-O 7. Bd3 Nh5 8. Bg5 Bxf3 9. Qxf3 Qxg5 10. Qxa8 Nc6
11. Qb7 Qxg2 12. Rf1 Bxd2+ 13. Kxd2 Qxh2 14. Be2 Nf6 15. Bf3 Rb8 16. Qa6 d5 17. Rac1 Nb4 18. Qxa7 c5 19. a3 Nc6 20. Qa4 Na5
21. cxd5 exd5 22. dxc5 Nc4+ 23. Rxc4 dxc4 24. c6 b5 25. Qa7 b4 26. Ke2 Ne8 27. Qd4 bxa3 28. bxa3 Rb3 29. Rh1 Qc7 30. Qe4 Nf6
31. Qxc4 Rxa3 32. Rb1 Ra7 33. Qd4 Ne8 34. Kf1 Ra8 35. Rb7 Qc8 36. Bd5 Nc7 37. Qf4 Qh3+ 38. Ke1 Qh5 39. Bb3 Qh1+ 40. Ke2 Qxc6
41. Qxf7+ Kh8 42. Rxc7 Qb5+ 43. Kf3
1-0

[Event " Standard Chess Senior Masters Cup #2"]
[Site "SchemingMind.com"]
[Date "2007.06.07"]
[Round "-"]
[White "C. H. O'D. Schlechter"]
[Black "kryspin11"]
[Result "1/2-1/2"]
[WhiteCountry "USA"]
[BlackCountry "POL"]
[WhiteElo "2384"]
[WhiteRD "65"]
[BlackElo "2180"]
[BlackRD "90"]
[GameID "107729"]

1. d4 Nf6 2. c4 e6 3. Nc3 Bb4 4. Qc2 O-O 5. a3 Be7 6. e4 d6 7. Bd3 e5 8. Nf3 exd4 9. Nxd4 Nc6 10. Nxc6 bxc6
11. O-O Ng4 12. h3 Ne5 13. Be2 Bf6 14. f4 Ng6 15. Be3 a5 16. e5 dxe5 17. Rad1 Qe8 18. f5 Nf4 19. Ne4 Bd8 20. f6 Bxf6
21. Nxf6+ gxf6 22. Bxf4 exf4 23. Rxf4 Qe5 24. Rf3 Rb8 25. b3 Kh8 26. Rdf1 Rg8 27. Bd3 Rg7 28. Qf2 Qh5 29. Be2 Be6 30. Kh1=
1/2-1/2

[Event " Standard Chess Senior Masters Cup #2"]
[Site "SchemingMind.com"]
[Date "2007.06.06"]
[Round "-"]
[White "Chess Tiger"]
[Black "kryspin11"]
[Result "0-1"]
[WhiteCountry "GER"]
[BlackCountry "POL"]
[WhiteElo "2201"]
[WhiteRD "76"]
[BlackElo "2179"]
[BlackRD "96"]
[GameID "107730"]

1. e4 c5 2. Nf3 d6 3. d4 cxd4 4. Nxd4 Nf6 5. Nc3 Nc6 6. Bg5 Bd7 7. Qd2 Rc8 8. Nxc6 Bxc6 9. f3 e6 10. O-O-O a6
11. Ne2 Be7 12. h4 h6 13. Be3 d5 14. e5 Nd7 15. f4 Nc5 16. Nd4 Ne4 17. Nxc6 Rxc6 18. Qe1 Qc7 19. Bd3 Nc5 20. Bxc5 Bxc5
21. g4 Rb6 22. c3 Qc6 23. Kb1 Qa4 24. Qg3 Kd7
0-1

[Event " Standard Chess Senior Masters Cup #2"]
[Site "SchemingMind.com"]
[Date "2007.06.06"]
[Round "-"]
[White "MichaelDV"]
[Black "kryspin11"]
[Result "0-1"]
[WhiteCountry "SWE"]
[BlackCountry "POL"]
[WhiteElo "2347"]
[WhiteRD "64"]
[BlackElo "2235"]
[BlackRD "83"]
[GameID "107732"]

1. d4 Nf6 2. Nf3 d5 3. c4 e6 4. g3 Be7 5. Bg2 O-O 6. O-O dxc4 7. Qc2 Nc6 8. Qxc4 Rb8 9. Nc3 Nd5 10. Rd1 Na5
11. Qa4 Nxc3 12. bxc3 b6 13. Ne5 Qe8 14. Qc2 f6 15. Nd3 Bd7 16. a4 c5 17. Bf4 c4 18. Nb4 Rc8 19. d5 Nb3 20. Ra2 e5
21. Be3 Bc5 22. d6 Bxe3 23. fxe3 f5 24. Bd5+ Kh8 25. Bxc4 Rxc4 26. Qxb3 Rg4 27. Rf1 f4 28. exf4 exf4 29. c4 fxg3 30. hxg3 h5
31. Ra3 h4 32. Qc2 Rxf1+ 33. Kxf1 Qe5 34. Rf3 Qxd6 35. Qc3 hxg3 36. Kg2 Qe6 37. Re3 Qf7 38. Rxg3 Rxc4 39. Qd2 Qf5 40. Qb2 Qh7
41. a5 Rf4 42. axb6 Bf5
0-1